000 00519nam a2200181Ia 4500
008 100920s9999 xx 000 0 und d
082 _b66335
_a--- 0
100 _aव्हटकर अशोक.
245 _aअजिंक्य आंबी.
260 _b---
_c0
300 _a176
_bसाधी
365 _b80
520 _aकादंबरी.
630 _aअजिंक्य आंबी.
650 _aकादंबरी.
730 _aअजिंक्य आंबी.
942 _cBOOK
999 _c708986
_d708983